00922nas a2200229Ia 4500001001100000003000900011008004100020040001300061040001300074041001300087100004900100210001800149222001800167245008300185250001100268260002200279501008600301300001600387362003200403500021400435650004300649R152/H9768IT-RoPAU151124c99999999xx |||||||||||| ||und|| aIT-RoPAU cIT-RoPAU aITALIANO aGiuliodori ClaudiogCodice Aut. SPICS: 59945 aPARABOLA (LA) aParabola (La) aPARABOLA (LA), ANNO 7-N.18 (MARZO 2010)bSfida Educativa Nell'Era Mediale (La) a1a ed. aROMAbAIARTc2010 bPaulus - SPICS - Società San Paolo EM (non-commercial uses only)cCopyright2015 a8 p. [9-16] aANNO 007, N.18 (MARZO 2010) aComunicare e Informare Come Atto D'Amore. Una Comunità che Comunica con Amore e nella Verità: Linee Guida del Direttorio Comunicazione e Missione. tra Mistificazione e Interpretazione: la Scelta Educativa. aCOMUNICAZIONEvPUBBLICAZIONE PERIODICA